Welcome to the Holygrace Academy Library

Please use search bar below to get started

JANE EYRE (Record no. 7271)

MARC details
000 -LEADER
fixed length control field 00254nam a22001217a 4500
082 ## - DEWEY DECIMAL CLASSIFICATION NUMBER
Classification number 823
Item number BRO/J
100 ## - MAIN ENTRY--AUTHOR NAME
Personal name BRONTE, CHARLOTTE
245 ## - TITLE STATEMENT
Title JANE EYRE
260 ## - PUBLICATION, DISTRIBUTION, ETC. (IMPRINT)
Place of publication CALCUTTA
Name of publisher OXFORD
Year of publication 1998
300 ## - PHYSICAL DESCRIPTION
Number of Pages 45
650 ## - SUBJECT ADDED ENTRY--TOPICAL TERM
Topical Term ENGLISH STORY
Geographic subdivision INDIA
942 ## - ADDED ENTRY ELEMENTS (KOHA)
Koha item type Books
Holdings
Withdrawn status Lost status Collection code Home library Current library Date acquired Source of acquisition Cost, normal purchase price Full call number Accession Number Koha item type
Withdrawn Damaged Item Fiction Main Library Main Library 05/03/2002 purchase 30.00 823 BRO/J 00169 Books